La Mujer en las cooperativas agropecuarias en Nicaragua
Guardado en:
| Autor Corporativo: | |
|---|---|
| Formato: | Texto |
| Publicado: |
Managua:
CIERA
|
| Etiquetas: |
Agregar Etiqueta
Sin Etiquetas, Sea el primero en etiquetar este registro!
|
MARC
| LEADER | 00000 a a2200000 04500 | ||
|---|---|---|---|
| 001 | 24589 | ||
| 003 | |||
| 040 | |||
| 090 | |a 169500 | ||
| 110 | |a Centro de Investigaciones y Estudios para la Reforma Agraria | ||
| 245 | |a La Mujer en las cooperativas agropecuarias en Nicaragua | ||
| 260 | |a Managua: |b CIERA | ||
| 300 | |a 167 p |b **no definido** |b il. | ||
| 999 | |c 10293 |d 10293 | ||
